Normal view
MARC view
- Schwartz, Edward A.
Entry Personal Name
001 - CONTROL NUMBER
- control field: 95896
003 - CONTROL NUMBER IDENTIFIER
- control field: NUST
005 - DATE AND TIME OF LATEST TRANSACTION
- control field: 20220730111621.0
008 - FIXED-LENGTH DATA ELEMENTS
- fixed length control field: 220730|| aca||aabn | a|a d
040 ## - CATALOGING SOURCE
- Original cataloging agency: NUST
- Transcribing agency: NUST
100 ## - HEADING--PERSONAL NAME
- Personal name: Schwartz, Edward A.
670 ## - SOURCE DATA FOUND
- Source citation: Work cat.: (NUST)176396: Schwartz, Edward A.,, Netactivism :, c1996.
